000 00769nam a22002297a 4500
999 _c6149
_d6149
003 AR-CdUCM
008 190313b ||||| |||| 00| 0 spa d
040 _aMUNICIPALIDAD PROVINCIAL DEL CUSCO
_cBIBLIOTECA MUNICIPAL DEL CUSCO
082 _a869.56 /
_bC19
100 _aCalvo, César
_9634
245 _aEl cetro de los jóvenes /
260 _aLa Habana :
_bEdiciones Casa de las Américas,
_c1967.
300 _a92 páginas ;
_c19 cm.
440 _aColección premio
_99570
500 _aDonación familia Nieto
505 _aContenido: EL ultimo poema de Volcek Kalsaretz -- EL centro de los jóvenes -- Sábado de Gloria.
650 _aPoesías peruanas
_91481
650 _aSiglo XX
_98
650 _aRevolución
_9844
942 _2ddc
_cLIBROS
945 _adavv